K vybraným aspektom voľného času obyvateľov miest

Bibliographic Details
Main Author: Gajdoš, Peter, 1950-2021 (Author)
Format: Article
Language:Slovak
PhysicalDescription:Lit. 7 zázn. v slov., češ.
Subjects:

MARC

LEADER 00000nab a2200000 a 4500
001 vtls000179110
003 SK-MaSNL
005 20260303210750.0
008 160204c1984 xo 0 slo
015 |a SNBRB19rr/mm-uuuuu 
035 |a CL0189223 
040 |a SNKBUCL  |b slo  |c SNKBUCL  |e AACR2 
041 0 |a slo 
044 |a xo  |c SK 
080 |a 379.8  |2 1981 
100 1 |a Gajdoš, Peter,  |d 1950-2021  |4 aut  |9 218141 
245 1 0 |a K vybraným aspektom voľného času obyvateľov miest  |c Peter Gajdoš 
300 |b Lit. 7 zázn. v slov., češ. 
650 0 7 |a voľný čas  |2 snkbucl  |9 3355 
650 0 7 |a mestské obyvateľstvo  |2 snkbucl  |9 105053 
655 7 |a články z novín a časopisov  |2 snkbucl  |9 267496 
773 0 |t Osvetová práca  |g Roč. 34, č. 7 (1984), s. 5-10 
850 |a Slovenská národná knižnica v Martine  |a MTA001 
852 |a SNK  |b KIS3GCP 
958 |a NB 
958 |a RK 
992 |a RBX 
999 |c 2201546  |d 2203476